[Event "Zuerich Seniors op 08th"]
[Site "Zuerich"]
[Date "2010.01.25"]
[Round "1"]
[White "Kraehenbuehl, Jean"]
[Black "Meyer, Karl"]
[Result "1-0"]
[WhiteElo "1667"]
[BlackElo "1542"]
[PlyCount "85"]
[EventDate "2010.01.25"]
[EventType "swiss"]
[EventRounds "9"]
[EventCountry "SUI"]
[SourceTitle "EXT 2022"]
[Source "ChessBase"]
[SourceDate "2021.10.06"]
[SourceVersion "1"]
[SourceVersionDate "2021.10.06"]
[SourceQuality "1"]

1. e4 e5 2. Bc4 Nf6 3. Nc3 Nc6 4. a3 h6 5. Nf3 d6 6. d4 Nxd4 7. Nxd4 exd4 8. Qxd4 c5 9. Qd1 Be7 10. 0-0 0-0 11. Nd5 Re8 12. Qf3 Ng4 13. Ba2 Be6 14. h3 Nf6 15. Be3 b5 16. Rad1 Nd7 17. Qg3 Bh4 18. Qxd6 Nb6 19. Nxb6 Qxb6 20. Bxe6 Qxd6 21. Rxd6 Rxe6 22. Rxe6 fxe6 23. Bxc5 Rc8 24. b4 a5 25. f4 axb4 26. axb4 Kf7 27. Rd1 Rd8 28. Rxd8 Bxd8 29. Kf2 g6 30. Ke3 g5 31. e5 Kg6 32. Ke4 h5 33. g3 h4 34. g4 gxf4 35. Kxf4 Bg5+ 36. Ke4 Bd2 37. Kd3 Bf4 38. Bd6 Kf7 39. c4 bxc4+ 40. Kxc4 Ke8 41. Kc5 Kd7 42. b5 Kc8 43. Kc6 1-0

[Event "GER Seniors Derby 02nd"]
[Site "Wesel/Heidelust"]
[Date "2003.03.15"]
[Round "5"]
[White "Gerdes, Wilfried"]
[Black "Meyer, Karl"]
[Result "0-1"]
[WhiteElo "1614"]
[BlackElo "1748"]
[PlyCount "162"]
[EventDate "2003.03.13"]
[EventType "swiss"]
[EventRounds "7"]
[EventCountry "GER"]
[SourceTitle "EXT 2006"]
[Source "ChessBase"]
[SourceDate "2005.11.24"]
[SourceVersion "1"]
[SourceVersionDate "2005.11.24"]
[SourceQuality "1"]

1. d4 Nf6 2. c4 g6 3. Nc3 d5 4. Bg5 Ne4 5. Bf4 Nxc3 6. bxc3 dxc4 7. e4 b5 8. Be2 Bg7 9. Bf3 Bb7 10. Ne2 0-0 11. 0-0 Nd7 12. a4 a6 13. Ng3 c5 14. e5 Bxf3 15. Qxf3 cxd4 16. cxd4 b4 17. Ne4 a5 18. Qh3 Re8 19. Bh6 Nf8 20. Rad1 Qd5 21. Rfe1 Ne6 22. Qh4 Rad8 23. Re3 Qxe5 24. Ng5 Qd5 25. Nxe6 fxe6 26. Rh3 Qxd4 27. Rxd4 Rxd4 28. f4 Rd1+ 29. Kf2 Bc3 30. Qg4 Rd6 31. Rf3 Red8 32. f5 Rd4 33. Qg5 Rd2+ 34. Kg3 Bf6 35. Qg4 R8d4 36. Qh3 Bh4+ 37. Qxh4 Rxg2+ 38. Kxg2 Rxh4 39. Be3 exf5 40. Bb6 b3 41. Bxa5 b2 42. Rf1 c3 43. Bxc3 Rxa4 44. Bxb2 Re4 45. h3 Kf7 46. Kg3 e6 47. Rf4 Re1 48. Rb4 g5 49. h4 gxh4+ 50. Kxh4 Kg6 51. Rb8 Re4+ 52. Kg3 e5 53. Rb6+ Kg5 54. Bc1+ f4+ 55. Kf3 Re1 56. Bb2 Re3+ 57. Kf2 h5 58. Rb8 Kf5 59. Rf8+ Ke6 60. Re8+ Kd6 61. Rd8+ Ke7 62. Rh8 Kd6 63. Rxh5 Kd5 64. Rh8 Rb3 65. Bc1 Rc3 66. Bd2 Rc2 67. Ke1 Ke4 68. Rh2 f3 69. Bf4 Rc4 70. Bd2 Kd3 71. Kd1 e4 72. Rh8 Rd4 73. Ra8 f2 74. Ra3+ Kc4 75. Ra4+ Kb3 76. Rb4+ Rxb4 77. Ke2 Ra4 78. Kxf2 Kc4 79. Bc1 Kd3 80. Bg5 Ra2+ 81. Kg3 e3 0-1